Programming in C /

Bibliographic Details
Main Author: Kochan, Stephen G.
Format: Book
Language:English
Published: Indianapolis, Ind. USA : Hayden Books, 1988.
Edition:Rev. ed.
Series:Hayden Books C library.
Subjects:

MARC

Tag First Indicator Second Indicator Subfields
LEADER 00000cam a2200000 a 4500
001 in00000017463
005 20151007053552.0
008 880518s1988 inua 001 0 eng
010 |a  87063480  
020 |a 067248420X (pbk.) :  |c $24.95 
035 |a (OCoLC)17600544 
035 |9 AAB2098AM 
040 |a DLC  |c DLC  |d TXA  |d UtOrBLW 
049 |a TXAM 
050 0 0 |a QA76.73.C15  |b K63 1988 
082 0 0 |a 005.13/3  |2 19 
100 1 |a Kochan, Stephen G. 
245 1 0 |a Programming in C /  |c Stephen G. Kochan. 
250 |a Rev. ed. 
264 1 |a Indianapolis, Ind. USA :  |b Hayden Books,  |c 1988. 
300 |a xi, 445 pages :  |b illustrations ;  |c 25 cm. 
336 |a text  |b txt  |2 rdacontent 
337 |a unmediated  |b n  |2 rdamedia 
338 |a volume  |b nc  |2 rdacarrier 
490 1 |a Hayden books C library 
500 |a "48420"--Cover. 
500 |a Includes index. 
650 0 |a C (Computer program language) 
830 0 |a Hayden Books C library. 
999 |a MARS 
999 f f |s d134fa3d-4477-3076-af57-3db0807089ce  |i 30b92ef4-2daf-3d12-ae0b-3981aa57d341  |t 0 
952 f f |p normal  |a Texas A&M University  |b College Station  |c Sterling C. Evans Library  |d Evans: Library Stacks  |t 0  |e QA76.73.C15 K63 1988  |h Library of Congress classification  |i unmediated -- volume  |m A14820840671 
998 f f |a QA76.73.C15 K63 1988  |t 0  |l Evans: Library Stacks